Cities Once Part of France - Statistics

General Stats
  • This quiz has been taken 111 times
  • The average score is 14 of 24
Answer Stats
Hint Answer % Correct
Capital of Haiti Port au Prince
92%
Catalonia Capital Barcelona
91%
Ocean port on the Mississippi River New Orleans
91%
Downfall of Napoleon Waterloo
84%
Then known as Saigon Ho Chi Minh City
83%
Cities of canals Venice
83%
Home of the Pope Rome
82%
Largest port in Germany Hamburg
76%
Home of Pyramids Giza
71%
Below Mt. Vesuvius Naples
71%
Port of northwest Italy Genoa
68%
Across the ocean from Yemen Djibouti
65%
Amsterdam
63%
Westernmost point on mainland Africa Dakar
63%
"White House" Casablanca
53%
Destroyed by an earthquake in 1755 Lisbon
43%
A province and a major city Quebec City
40%
Gateway to the West St. Louis
40%
Capital of the Umayyad Caliphate Damascus
32%
On the Gulf of Guinea Abidjan
28%
On an Indian Ocean island, far from the Ocean Antananarivo
28%
Capital of French Equatorial Africa Brazzaville
27%
Main capture of Operation Torch Algiers
23%
Where the main character of "Life of Pi" lived Pondicherry
14%
No matching quizzes found
Score Distribution
Percent of People with Each Score
Percentile by Number Answered
Your Score History
You have not taken this quiz